000 00301nam a22001337a 4500
008 171019b xxu||||| |||| 00| 0 eng d
020 _a9781285173221
041 _aeng
080 _24TH
_a338
100 _a53
101 _aMEN
245 _aGENERALIST CASE MANAGEMENT
_cWOODSIDE,M
942 _2udc
_cBK
999 _c34856
_d34856